Statistics for US States by Senator and Border

Click here to take the quiz!

General Stats

  • This quiz has been taken 84 times
    (62 since last reset)
  • The average score is 38 of 50

Answers on the Map

Answers color-coded by a green-red scale on the quiz's map according to % correct below.
 

Answer Stats

Bordering StatesSenatorsStates% Correct
Arizona, Colorado, Oklahoma, Texas, UtahTom Udall, Martin HeinrichNew Mexico
96%
Arkansas, Colorado, Kansas, Missouri, New Mexico, TexasJim Inhofe, James LankfordOklahoma
94%
Louisiana, Mississippi, Missouri, Oklahoma, Tennessee, TexasJohn Boozman, Tom CottonArkansas
92%
Indiana, Iowa, Kentucky, Missouri, WisconsinDick Durbin, Tammy DuckworthIllinois
92%
Arkansas, Mississippi, TexasBill Cassidy, John KennedyLouisiana
92%
Arkansas, Louisiana, New Mexico, OklahomaJohn Cornyn, Ted CruzTexas
92%
California, Colorado, Nevada, New Mexico, UtahKyrsten Sinema, Martha McSallyArizona
88%
Illinois, Indiana, Missouri, Ohio, Tennessee, Virginia, West VirginiaMitch McConnell, Rand PaulKentucky
88%
Arizona, California, Idaho, Oregon, UtahCatherine Cortez Masto, Jacky RosenNevada
88%
Arizona, Nevada, OregonDianne Feinstein, Kamala HarrisCalifornia
86%
Connecticut, New Hampshire, New York, Rhode Island, VermontElizabeth Warren, Ed MarkeyMassachusetts
86%
Connecticut, Massachusetts, New Jersey, Pennsylvania, VermontChuck Schumer, Kirsten GillibrandNew York
86%
California, Idaho, Nevada, WashingtonRon Wyden, Jeff MerkeleyOregon
86%
Massachusetts, New Hampshire, New YorkPatrick Leahy, Bernie SandersVermont
86%
Illinois, Kentucky, Michigan, OhioTodd Young, Mike BraunIndiana
84%
Arkansas, Illinois, Iowa, Kansas, Kentucky, Nebraska, Oklahoma, TennesseeRoy Blunt, Josh HawleyMissouri
84%
Illinois, Minnesota, Missouri, Nebraska, South Dakota, WisconsinChuck Grassley, Joni ErnstIowa
82%
Massachusetts, New York, Rhode IslandRichard Blumenthal, Chris MurphyConnecticut
80%
Alabama, Florida, North Carolina, South Carolina, TennesseeJohnny Isakson, David PerdueGeorgia
80%
Alabama, Arkansas, Georgia, Kentucky, Mississippi, Missouri, North Carolina, VirginiaLamar Alexander, Marsha BlackburnTennessee
80%
Illinois, Iowa, Michigan, MinnesotaRon Johnson, Tammy BaldwinWisconsin
80%
Florida, Georgia, Mississippi, TennesseeRichard Shelby, Doug JonesAlabama
78%
Maine, Massachusetts, VermontJeanne Saheen, Maggie HassanNew Hampshire
78%
Delaware, Maryland, New Jersey, New York, Ohio, West VirginiaBob Casey, Pat ToomeyPennsylvania
78%
Arizona, Kansas, Nebraska, New Mexico, Oklahoma, Utah, WyomingMichael Bennet, Cory GardnerColorado
76%
Alabama, GeorgiaMarco Rubio, Rick ScottFlorida
76%
Delaware, New York, PennsylvaniaBob Menendez, Cory BookerNew Jersey
76%
Arizona, Colorado, Idaho, Nevada, New Mexico, WyomingMike Lee, Mitt RomneyUtah
76%
Kentucky, Maryland, Ohio, Pennsylvania, VirginiaJoe Manchin, Shelley Moore CapitoWest Virginia
76%
Iowa, North Dakota, South Dakota, WisconsinAmy Klobuchar, Tina SmithMinnesota
75%
Indiana, Kentucky, Michigan, Pennsylvania, West VirginiaSherrod Brown, Rob PortmanOhio
75%
Kentucky, Maryland, North Carolina, Tennessee, West VirginiaMark Warner, Tim KaineVirginia
75%
Colorado, Idaho, Montana, Nebraska, South Dakota, UtahMike Enzi, John BarrassoWyoming
75%
Georgia, South Carolina, Tennessee, VirginiaRichard Burr, Thom TillisNorth Carolina
73%
Iowa, Minnesota, Montana, Nebraska, North Dakota, WyomingJohn Thune, Mike RoundsSouth Dakota
73%
Colorado, Iowa, Kansas, Missouri, South Dakota, WyomingDeb Fischer, Ben SasseNebraska
71%
Georgia, North CarolinaLindsey Graham, Tim ScottSouth Carolina
71%
Montana, Nevada, Oregon, Utah, Washington, WyomingMike Crapo, Jim RischIdaho
69%
Minnesota, Montana, South DakotaJohn Hoeven, Kevin CramerNorth Dakota
69%
Colorado, Missouri, Nebraska, OklahomaPat Roberts, Jerry MoranKansas
67%
Alabama, Arkansas, Louisiana, TennesseeRoger Wicker, Cindy Hyde-SmithMississippi
63%
Indiana, Ohio, WisconsinDebbie Stabenow, Gary PetersMichigan
61%
New HampshireSusan Collins, Angus KingMaine
59%
Connecticut, MassachusettsJack Reed, Sheldon WhitehouseRhode Island
59%
Maryland, New Jersey, PennsylvaniaTom Carper, Chris CoonsDelaware
53%
Delaware, Pennsylvania, Virginia, West VirginiaBen Cardin, Chris Van HollenMaryland
53%
Idaho, North Dakota, South Dakota, WyomingJon Tester, Steve DainesMontana
51%
Lisa Murkowski, Dan SullivanAlaska
49%
Brian Schatz, Mazie HironoHawaii
41%
Idaho, OregonPatty Murray, Maria CantwellWashington
39%

Score Distribution

Percentile by Number Answered

Percent of People with Each Score

Your Score History

You have not taken this quiz since the last reset